000 00597cam a22002291 4500
001 sa 68016237
003 DLC
005 20260227112652.0
008 720725s1967 xx 000 0 ind
010 _asa 68016237
035 _a(OCoLC)365131
040 _aDLC
_cOAU
_dDLC
042 _apremarc
050 0 0 _aHF5549
_b.H255 1967
100 0 _aHadipoerwono.
245 1 0 _aTata personalia.
_b Personnel management.
250 _a[Tjet. 2.
260 _aDjakarta]
_bDjambatan
_c[1967]
300 _aviii, 204 p.
_c19 cm.
504 _aBibliography: p. 204.
650 0 _aPersonnel management.
999 _c86957
_d86957